What Franchises Have Won 5+ Championships - Statistics

General Stats
  • This quiz has been taken 19 times
  • The average score is 19 of 24
Answer Stats
Hint Answer % Correct
MLB (27) New York Yankees
100%
MLB (9) Boston Red Sox
93%
MLB (5) Cincinnati Reds
93%
NBA (17) Los Angeles Lakers
93%
NFL (6) New England Patriots
93%
NBA (17) Boston Celtics
87%
NBA (6) Chicago Bulls
87%
NFL (6) Pittsburgh Steelers
87%
MLB (8) San Francisco Giants
87%
NHL (13) Toronto Maple Leafs
87%
NFL (5) Dallas Cowboys
80%
NHL (24) Montreal Canadiens
80%
NHL (5) Pittsburgh Penguins
80%
NHL (6) Boston Bruins
73%
NHL (11) Detroit Red Wings
73%
NBA (7) Golden State Warriors
73%
MLB (7) Los Angeles Dodgers
73%
NHL (5) Edmonton Oilers
67%
MLB (9) Oakland Athletic's
67%
MLB (11) St. Louis Cardinals
67%
NHL (6) Chicago Black Hawks
60%
MLB (5) Pittsburgh Pirates
60%
NBA (5) San Antonio Spurs
60%
NFL (5) San Francisco 49ers
53%
No matching quizzes found
Score Distribution
Percent of People with Each Score
Percentile by Number Answered
Your Score History
You have not taken this quiz